Normal view
MARC view
- NC Syed Safiullah Husaini NC Saeed Ullah Khan PC Noman Tahir PC Ahmad Abdullah Dr. Mohsin Islam Tiwana
Entry Personal Name
001 - CONTROL NUMBER
- control field: 70933
003 - CONTROL NUMBER IDENTIFIER
- control field: NUST
005 - DATE AND TIME OF LATEST TRANSACTION
- control field: 20210628204553.0
008 - FIXED-LENGTH DATA ELEMENTS
- fixed length control field: 210628|| aca||aabn | a|a d
040 ## - CATALOGING SOURCE
- Original cataloging agency: NUST
- Transcribing agency: NUST
100 ## - HEADING--PERSONAL NAME
- Personal name: NC Syed Safiullah Husaini NC Saeed Ullah Khan PC Noman Tahir PC Ahmad Abdullah Dr. Mohsin Islam Tiwana
670 ## - SOURCE DATA FOUND
- Source citation: Work cat.: (NUST): NC Syed Safiullah Husaini NC Saeed Ullah Khan PC Noman Tahir PC Ahmad Abdullah Dr. Mohsin Islam Tiwana , PR-SOF-1565-DEVELOPMENT OF AN UNDER ACTUATED ANTHROPOMORPHIC UPPEER LIMB PROSTHESIS, 2017
